Catalog handbook of fine chemicals 1986 - 1987

Gespeichert in:
Bibliographische Detailangaben
1. Verfasser: Aldrich
Format: Buch
Sprache:Undetermined
Veröffentlicht: Wisconsin Aldrich Chemical 1986
Schlagworte:
Tags: Tag hinzufügen
Keine Tags, Fügen Sie den ersten Tag hinzu!
Thư viện lưu trữ: Trung tâm Học liệu Trường Đại học Cần Thơ
LEADER 00495nam a2200193Ia 4500
001 CTU_23466
008 210402s9999 xx 000 0 und d
082 |a 016.66 
082 |b A537 
100 |a Aldrich 
245 0 |a Catalog handbook of fine chemicals 1986 - 1987 
245 0 |c Aldrich 
260 |a Wisconsin 
260 |b Aldrich Chemical 
260 |c 1986 
650 |a chemistry 
650 |x Bibliography 
904 |i Truc 
980 |a Trung tâm Học liệu Trường Đại học Cần Thơ